2010s Oscar Best Picture Nominees - Statistics

General Stats
  • This quiz has been taken 453 times
  • The average score is 48 of 89
Answer Stats
Movie % Correct
Black Panther
92%
Green Book
85%
The Shape of Water
85%
12 Years a Slave
84%
Life of Pi
84%
Moonlight
81%
Argo
79%
Gravity
79%
The Martian
78%
Dunkirk
77%
La La Land
77%
The Revenant
77%
Spotlight
76%
The Artist
76%
The King's Speech
75%
The Theory of Everything
74%
Darkest Hour
73%
The Social Network
73%
Dallas Buyers Club
72%
Up
72%
Captain Phillips
71%
Vice
71%
Avatar
70%
Black Swan
70%
The Hurt Locker
70%
BlacKkKlansman
69%
Roma
69%
The Wolf of Wall Street
69%
A Star Is Born
68%
Her
68%
Inglourious Basterds
67%
Room
66%
The Favourite
66%
The Help
65%
Hidden Figures
64%
The Grand Budapest Hotel
64%
The Imitation Game
63%
Bohemian Rhapsody
62%
The Post
62%
Boyhood
61%
Lincoln
61%
Whiplash
61%
Inception
59%
Les Misérables
59%
Django Unchained
58%
127 Hours
57%
Birdman
57%
Phantom Thread
56%
Selma
55%
Call Me by Your Name
53%
Hugo
53%
Lion
53%
The Big Short
53%
Hacksaw Ridge
50%
The Fighter
50%
Toy Story 3
50%
Fences
49%
Bridges of Spies
47%
Three Billboards Outside Ebbing, Missouri
46%
American Sniper
45%
District 9
44%
Moneyball
42%
The Blind Side
42%
Brooklyn
39%
Precious
37%
Arrival
36%
Zero Dark Thirty
36%
Lady Bird
32%
Philomena
31%
Nebraska
30%
Amour
29%
Manchester by the Sea
29%
American Hustle
28%
Extremely Loud & Incredibly Close
28%
Get Out
28%
Hell or High Water
27%
Silver Linings Playbook
27%
Beasts of the Southern Wild
23%
Mad Max: Fury Road
23%
The Kids Are All Right
23%
Up in the Air
23%
An Education
20%
True Grit
19%
Midnight in Paris
16%
The Tree of Life
15%
A Serious Man
14%
The Descendants
14%
Winter's Bone
14%
War Horse
13%
No matching quizzes found
Score Distribution
Percent of People with Each Score
Percentile by Number Answered
Your Score History
You have not taken this quiz